Plánovanie potrieb ľudských zdrojov v podniku - prípadová štúdia bakalárska práca

Gespeichert in:
Bibliographische Detailangaben
1. Verfasser: Novická, Viktória
Körperschaft: Podnikovohospodárska fakulta EU so sídlom v Košiciach. Katedra manažmentu
Weitere Verfasser: Stankovič, Lýdia
Format: Buch
Sprache:Slowakisch
Veröffentlicht: Košice 2015
Tags: Tag hinzufügen
Keine Tags, Fügen Sie das erste Tag hinzu!

MARC

LEADER 00000nbm a2200000 4500
001 0202256
005 20161212094500.9
041 0 |a slo 
044 |a SK 
245 1 0 |a Plánovanie potrieb ľudských zdrojov v podniku - prípadová štúdia  |b bakalárska práca  |c Viktória Novická ; školiteľ: Lýdia Stankovič 
264 1 |a Košice  |c 2015 
300 |a 56 s. 
100 1 |a Novická, Viktória 
700 1 |a Stankovič, Lýdia 
710 2 |a Podnikovohospodárska fakulta EU so sídlom v Košiciach. Katedra manažmentu